000 00981cam a22003373a 4500
001 3803
003 PGUSA
005 20140828083038.0
008 060413s2006||||xxu|||||s|||||000 1 eng d
040 _aPGUSA
_beng
042 _adc
050 4 _aPQ
100 1 _aGaboriau, Emile,
_d1832-1873
245 1 0 _aFile No. 113
_h[electronic resource] /
_cEmile Gaboriau
260 _bProject Gutenberg,
_c2006
500 _aTranslation of Le dossier no. 113.
506 _aPublic domain in the USA.
516 _aElectronic text
653 _aDetectives -- Fiction
653 _aBank robberies -- Fiction
653 _aDetective and mystery stories
653 _aDeception -- Fiction
653 _aFamily secrets -- Fiction
653 _aMystery fiction
653 _aBankers -- Fiction
653 _aFrance -- Fiction
740 0 _aLe dossier no. 113. English
830 0 _aProject Gutenberg
_v3803
856 4 0 _uhttp://www.gutenberg.org/ebooks/3803
942 _cEB
999 _c233132
_d233132